| 000 | 00596nam a2200205Ia 4500 | ||
|---|---|---|---|
| 003 | BUBTL | ||
| 008 | 151213s9999 xx 000 0 und d | ||
| 082 |
_a658.42 _bPAM |
||
| 100 | _aJose Paul & N. Ajith Kumar | ||
| 245 |
_aEntrepreneurship Development & Management _cJose Paul & N. Ajith Kumar |
||
| 250 | _a4th | ||
| 260 |
_aDelhi _bHimalya _c2000 |
||
| 300 |
_a262p . : _bill , Chart ; 22cm . _cManagement . |
||
| 650 | _aManagement | ||
| 650 | _aManagement | ||
| 700 | _aJose Paul & N. Ajith Kumar | ||
| 856 |
_k0 _l0 _yDownload |
||
| 942 |
_2ddc _cBK |
||
| 999 |
_c1155 _d1155 |
||